[Event "Biella Vercelli Province-ch"]
[Site "Santhia"]
[Date "2013.03.08"]
[Round "1"]
[White "Carando, Claudio"]
[Black "Avetta, Gianmario"]
[Result "1/2-1/2"]
[WhiteElo "1404"]
[BlackElo "1752"]
[PlyCount "43"]
[EventDate "2013.03.08"]
[EventType "swiss"]
[EventRounds "5"]
[EventCountry "ITA"]
[SourceTitle "EXT 2014"]
[Source "ChessBase"]
[SourceDate "2013.11.20"]
[SourceVersion "1"]
[SourceVersionDate "2013.11.20"]
[SourceQuality "1"]

1. e4 Nf6 2. Nc3 d5 3. exd5 Nxd5 4. Bc4 c6 5. Qf3 e6 6. Nge2 Bd6 7. d3 Nd7 8. Bf4 N7f6 9. Bg5 Qc7 10. Nxd5 Nxd5 11. Bxd5 exd5 12. Qe3+ Be6 13. Bf4 0-0-0 14. 0-0 Bg4 15. Bxd6 Qxd6 16. f3 d4 17. Qxd4 Be6 18. Qxg7 Qc5+ 19. Kh1 Qxc2 20. Nf4 Rdg8 21. Qc3 Qxc3 22. bxc3 1/2-1/2

[Event "Piemont Province-ch"]
[Site "Santhia"]
[Date "2011.03.18"]
[Round "3"]
[White "Avetta, Gianmario"]
[Black "Costantino, Gian Franco"]
[Result "1-0"]
[WhiteElo "1733"]
[BlackElo "1741"]
[PlyCount "101"]
[EventDate "2011.03.04"]
[EventType "swiss"]
[EventRounds "6"]
[EventCountry "ITA"]
[SourceTitle "EXT 2024"]
[Source "ChessBase"]
[SourceDate "2023.10.10"]
[SourceVersion "1"]
[SourceVersionDate "2023.10.10"]
[SourceQuality "1"]

1. d4 f5 2. g3 Nf6 3. Bg2 g6 4. e3 Bg7 5. c4 0-0 6. Ne2 d6 7. 0-0 Qe8 8. Nbc3 c6 9. b4 Ne4 10. Qb3 Nxc3 11. Nxc3 e5 12. d5 f4 13. exf4 exf4 14. Bxf4 Rxf4 15. gxf4 Qf7 16. Rae1 Qxf4 17. Re8+ Kf7 18. Ne2 Qg4 19. Qe3 Be5 20. Rxe5 dxe5 21. Qxe5 Qxc4 22. Qc7+ Bd7 23. Qxb7 Qxe2 24. Qxa8 Qe5 25. Qxa7 cxd5 26. Rd1 Kf6 27. Qd4 Bc6 28. Qb6 Kg7 29. b5 Bd7 30. a4 Be6 31. Qd4 Kf6 32. b6 Qxd4 33. Rxd4 Ke5 34. Rd1 Nc6 35. Rc1 Kd6 36. Bf1 Na5 37. Ba6 Nc6 38. Kg2 d4 39. b7 Bd5+ 40. f3 Nb8 41. Bd3 Bxb7 42. Rb1 Kc7 43. a5 Nc6 44. a6 Ba8 45. Be4 d3 46. Bxd3 Nb8 47. Kg3 Nd7 48. Be4 Bxe4 49. fxe4 Nc5 50. a7 Nxe4+ 51. Kf4 1-0

[Event "Piemont Province-ch"]
[Site "Santhia"]
[Date "2011.03.04"]
[Round "1"]
[White "Avetta, Gianmario"]
[Black "Siclari, Giovanni"]
[Result "0-1"]
[WhiteElo "1733"]
[BlackElo "1902"]
[PlyCount "62"]
[EventDate "2011.03.04"]
[EventType "swiss"]
[EventRounds "6"]
[EventCountry "ITA"]
[SourceTitle "EXT 2024"]
[Source "ChessBase"]
[SourceDate "2023.10.10"]
[SourceVersion "1"]
[SourceVersionDate "2023.10.10"]
[SourceQuality "1"]

1. d4 f5 2. g3 Nf6 3. Bg2 g6 4. e3 Bg7 5. c3 0-0 6. Nd2 d6 7. Ne2 Qe8 8. Qb3+ Qf7 9. 0-0 c6 10. Re1 Nbd7 11. Qxf7+ Kxf7 12. e4 Nb6 13. f4 fxe4 14. Nxe4 Bf5 15. Ng5+ Kg8 16. Kf1 h6 17. Nf3 Rae8 18. h3 Nfd7 19. Neg1 e5 20. Ne2 Bd3 21. Kf2 Nd5 22. Bd2 e4 23. Nc1 exf3 24. Nxd3 fxg2 25. Kxg2 N7f6 26. Kf3 Kf7 27. g4 Rxe1 28. Rxe1 Re8 29. g5 Rxe1 30. gxf6 Rd1 31. fxg7 Rxd2 0-1

[Event "Ivrea op 11th"]
[Site "Ivrea"]
[Date "2005.05.28"]
[Round "2"]
[White "Gussone, Claudio"]
[Black "Avetta, Gianmario"]
[Result "1-0"]
[WhiteElo "1911"]
[BlackElo "1649"]
[PlyCount "67"]
[EventDate "2005.05.27"]
[EventType "swiss"]
[EventRounds "5"]
[EventCountry "ITA"]
[SourceTitle "EXT 2008"]
[Source "ChessBase"]
[SourceDate "2007.11.25"]
[SourceVersion "1"]
[SourceVersionDate "2007.11.25"]
[SourceQuality "1"]

1. Nf3 Nf6 2. g3 g6 3. Bg2 Bg7 4. 0-0 0-0 5. c4 c5 6. Nc3 Nc6 7. e4 d6 8. d3 Re8 9. h3 a6 10. Rb1 Rb8 11. Be3 b5 12. e5 Nd7 13. e6 fxe6 14. Ng5 Nd4 15. Bxd4 cxd4 16. Nxe6 Qa5 17. Nd5 Bb7 18. b4 Qxa2 19. Nec7 Bxd5 20. Bxd5+ Kh8 21. c5 Qxd5 22. Nxd5 dxc5 23. bxc5 Rbc8 24. c6 Rxc6 25. Rc1 Rd6 26. Nc7 Rb8 27. Re1 e5 28. Qf3 Rf8 29. Qb7 Rb8 30. Qa7 Rbb6 31. Ne6 Rxe6 32. Qxd7 Bf8 33. Rc8 Rf6 34. Rcc1 1-0